000 01121nas a2200349 4500
001 BR8303680
003 BR-BrBNA
005 20231205085619.0
007 ta
008 230509b bl.|||p| |||| 00| 00por d
040 _aBR-BrBNA
_bpor
_cBiblioteca Nacional de Agricultura
041 _a(Pt)
072 _aK20
100 1 _aOgawa, H.Y.
100 1 _aKronka, F.J. do N.
100 1 _aMendes, A.C.G.
100 1 _aMax, G.G.A.
100 1 _aMota, I.S. da
100 1 _aFavrin, L.J.B.
100 1 _aBorges, N.H.
100 1 _aValentino, R.A.L.
100 1 _aAndrade, W.J. de
111 1 _a4. Congresso Florestal Brasileiro
_cBelo Horizonte, MG (Brazil)
_d10-15 May 1982
245 1 _aInventario florestal do Estado de Sao Paulo [Sao Jose dos Campos, Taubate, Guaratingueta, Brasil, pinheiro, Pinus, eucalipto, Eucalyptus]
650 _aINVENTARIO FLORESTAL
650 _aPINHEIRO
650 _aEUCALIPTO
650 _aSAO PAULO
773 0 _tSilvicultura (Brazil)
_xISSN 0100-3615
_g(Jan-Feb 1983), v. 8(28) p. 666-669
_wBR8303680
909 _a202311
_bLúcia
_c55
_dLúcia Elande
942 _2AGRIS
_n0
_cANA
999 _c112552
_d112552